[Event "Fagernes GM-A 2019"]
[Site "Fagernes"]
[Date "2019.04.18"]
[Round "4"]
[White "Blomqvist, Erik"]
[Black "Santarius, Erik"]
[Result "1-0"]
[WhiteElo "2496"]
[BlackElo "2411"]
[Annotator "ChessBase"]
[PlyCount "93"]
[EventDate "2019.04.14"]
[EventType "tourn"]
[EventCountry "NOR"]
[SourceTitle "playchess.com"]
[Source "ChessBase"]
[SourceQuality "1"]
[TimeControl "40/7200:3600"]

1. e4 {[%emt 0:00:49]} c6 {[%emt 0:00:08]} 2. d4 {[%emt 0:00:07]} d5 {[%emt 0:00:09]} 3. exd5 {[%emt 0:00:09]} cxd5 {[%emt 0:00:13]} 4. Bd3 {[%emt 0:00:12]} Nc6 {[%emt 0:00:37]} 5. c3 {[%emt 0:00:11]} Nf6 {[%emt 0:00:39]} 6. h3 {[%emt 0:01:29]} g6 {[%emt 0:00:52]} 7. Bf4 {[%emt 0:01:09]} Bf5 {[%emt 0:02:14]} 8. Be2 {[%emt 0:00:20]} Bg7 {[%emt 0:03:34]} 9. Nf3 {[%emt 0:00:20]} O-O {[%emt 0:00:36]} 10. O-O {[%emt 0:00:16]} a6 {[%emt 0:08:46]} 11. a4 {[%emt 0:04:45]} Qb6 {[%emt 0:02:34]} 12. Ra2 {[%emt 0:02:12]} Rfc8 {[%emt 0:06:51]} 13. Nbd2 {[%emt 0:01:26]} a5 {[%emt 0:06:03]} 14. Re1 {[%emt 0:07:09]} h6 {[%emt 0:08:05]} 15. Bb5 {[%emt 0:14:50]} g5 {[%emt 0:05:41]} 16. Bh2 {[%emt 0:01:15]} e6 {[%emt 0:01:29]} 17. Ne5 {[%emt 0:10:57]} Nxe5 {[%emt 0:02:54]} 18. Bxe5 {[%emt 0:01:11]} Ne4 {[%emt 0:03:01]} 19. Bxg7 {[%emt 0:02:49]} Kxg7 {[%emt 0:00:11]} 20. Nxe4 {[%emt 0:01:14]} Bxe4 {[%emt 0:01:06]} 21. Re3 {[%emt 0:02:44]} Bg6 {[%emt 0:02:35]} 22. Qe2 {[%emt 0:02:49]} Qd6 {[%emt 0:02:49]} 23. Ra1 {[%emt 0:01:10]} Rg8 {[%emt 0:02:15]} 24. Re1 {[%emt 0:00:51]} Kh8 {[%emt 0:00:47]} 25. Re5 {[%emt 0:16:52]} Rg7 {[%emt 0:01:35]} 26. f3 {[%emt 0:11:09]} Rag8 {[%emt 0:01:28]} 27. Qf2 {[%emt 0:06:52]} Qc7 {[%emt 0:06:59]} 28. g4 {[%emt 0:03:16]} Bh7 {[%emt 0:01:02]} 29. Kg2 {[%emt 0:01:23]} Rg6 {[%emt 0:03:30]} 30. Qe3 {[%emt 0:01:42]} Rf6 {[%emt 0:00:45]} 31. Rh1 {[%emt 0:00:32]} h5 {[%emt 0:21:09]} 32. Rxg5 {[%emt 0:04:28]} Rxg5 {[%emt 0:04:44]} 33. Qxg5 Rxf3 {[%emt 0:00:07]} 34. Kxf3 {[%emt 0:00:24]} Be4+ {[%emt 0:00:05]} 35. Kf2 {[%emt 0:01:03]} Bxh1 {[%emt 0:00:06]} 36. Qxh5+ {[%emt 0:00:28]} Kg8 {[%emt 0:00:05]} 37. Qg5+ {[%emt 0:11:27]} Kf8 {[%emt 0:00:10]} 38. Qe5 {[%emt 0:00:00]} Qb6 {[%emt 0:01:52]} 39. g5 {[%emt 0:00:00]} Kg8 {[%emt 0:00:09]} 40. h4 {[%emt 0:00:00]} Be4 {[%emt 0:00:48]} 41. h5 {[%emt 0:53:48]} Qd8 {[%emt 1:00:04]} 42. h6 {[%emt 0:01:52]} Qf8 {[%emt 0:00:05]} 43. Ke3 {[%emt 0:00:54]} Kh7 {[%emt 0:01:30]} 44. Qf6 {[%emt 0:01:08]} Qg8 {[%emt 0:01:23]} 45. Bd3 {[%emt 0:01:20]} Bxd3 {[%emt 0:00:05]} 46. Kxd3 {[%emt 0:00:04]} Qf8 {[%emt 0:00:06]} 47. g6+ {[%emt 0:00:35]} 1-0

[Event "Fagernes GM-A 2019"]
[Site "Fagernes"]
[Date "2019.04.18"]
[Round "4"]
[White "Mikalsen, Erlend"]
[Black "Romanov, Evgeny"]
[Result "1/2-1/2"]
[WhiteElo "2397"]
[BlackElo "2576"]
[Annotator "ChessBase"]
[PlyCount "85"]
[EventDate "2019.04.14"]
[EventType "tourn"]
[EventCountry "NOR"]
[SourceTitle "playchess.com"]
[Source "ChessBase"]
[SourceQuality "1"]
[TimeControl "40/7200:3600"]

1. e4 {[%emt 0:00:02]} e6 {[%emt 0:06:00]} 2. d4 {[%emt 0:00:05]} d5 {[%emt 0:00:07]} 3. Nc3 {[%emt 0:00:04]} Bb4 {[%emt 0:00:07]} 4. e5 {[%emt 0:00:04]} c5 {[%emt 0:00:38]} 5. a3 {[%emt 0:00:06]} Bxc3+ {[%emt 0:00:07]} 6. bxc3 {[%emt 0:00:04]} Qa5 {[%emt 0:00:05]} 7. Bd2 {[%emt 0:00:04]} Qa4 {[%emt 0:00:05]} 8. Qg4 {[%emt 0:00:04]} Kf8 {[%emt 0:00:10]} 9. h4 {[%emt 0:00:08]} Nd7 {[%emt 0:00:21]} 10. h5 {[%emt 0:01:54]} h6 {[%emt 0:06:15]} 11. Qd1 {[%emt 0:03:31]} b6 {[%emt 0:02:40]} 12. Nf3 {[%emt 0:00:08]} Ba6 {[%emt 0:01:12]} 13. Bxa6 {[%emt 0:01:55]} Qxa6 {[%emt 0:00:17]} 14. a4 {[%emt 0:00:55]} Ne7 {[%emt 0:01:28]} 15. a5 {[%emt 0:01:01]} bxa5 {[%emt 0:02:00]} 16. Qe2 {[%emt 0:00:23]} Qxe2+ {[%emt 0:01:38]} 17. Kxe2 {[%emt 0:00:04]} Nc6 {[%emt 0:01:14]} 18. g4 {[%emt 0:03:33]} Rb8 {[%emt 0:09:15]} 19. Bc1 {[%emt 0:07:18]} cxd4 {[%emt 0:05:24]} 20. cxd4 {[%emt 0:01:44]} Nb6 {[%emt 0:15:01]} 21. Ba3+ {[%emt 0:03:32]} Ke8 {[%emt 0:00:32]} 22. Bd6 {[%emt 0:00:58]} Rb7 {[%emt 0:09:36]} 23. Rhb1 {[%emt 0:00:35]} Kd7 {[%emt 0:08:03]} 24. c3 {[%emt 0:00:29]} Kc8 {[%emt 0:02:10]} 25. Ne1 {[%emt 0:09:15]} Nc4 {[%emt 0:01:03]} 26. Rxb7 {[%emt 0:05:41]} Kxb7 {[%emt 0:00:09]} 27. Nd3 {[%emt 0:00:18]} Kc8 {[%emt 0:09:55]} 28. Bc5 {[%emt 0:02:32]} a4 {[%emt 0:09:21]} 29. Rxa4 {[%emt 0:01:39]} a5 {[%emt 0:00:38]} 30. Ra1 {[%emt 0:05:48]} Kc7 {[%emt 0:01:03]} 31. f4 {[%emt 0:02:09]} f6 {[%emt 0:03:20]} 32. f5 {[%emt 0:11:53]} fxe5 {[%emt 0:02:18]} 33. dxe5 {[%emt 0:01:47]} N6xe5 {[%emt 0:05:11]} 34. Nxe5 {[%emt 0:01:18]} Nxe5 {[%emt 0:00:07]} 35. fxe6 {[%emt 0:01:35]} Re8 {[%emt 0:01:18]} 36. e7 {[%emt 0:00:33]} Kc6 {[%emt 0:03:48]} 37. Ba3 {[%emt 0:01:26]} Nc4 {[%emt 0:01:56]} 38. Kd3 {[%emt 0:00:32]} Nxa3 {[%emt 0:01:44]} 39. Rxa3 {[%emt 0:00:03]} Kb5 {[%emt 0:00:25]} 40. Rb3+ {[%emt 0:00:30]} Kc6 {[%emt 0:00:34]} 41. Ra3 {[%emt 1:00:21]} Kb5 {[%emt 0:15:05]} 42. Rb3+ {[%emt 0:00:00]} Kc6 {[%emt 0:08:21]} 43. Ra3 {[%emt 0:00:00]} 1/2-1/2

[Event "Fagernes GM-A 2019"]
[Site "Fagernes"]
[Date "2019.04.18"]
[Round "4"]
[White "Mihajlov, Sebastian"]
[Black "Lindbol, Aleksander"]
[Result "1-0"]
[WhiteElo "2361"]
[BlackElo "2139"]
[Annotator "NA"]
[PlyCount "65"]
[EventDate "2019.04.14"]
[EventType "tourn"]
[EventCountry "NOR"]
[SourceTitle "playchess.com"]
[Source "ChessBase"]
[SourceQuality "1"]
[TimeControl "40/7200:3600"]

1. e4 {[%emt 0:06:53]} c5 {[%emt 0:00:59]} 2. Nf3 {[%emt 0:00:05]} Nc6 {[%emt 0:00:12]} 3. d4 {[%emt 0:00:06]} cxd4 {[%emt 0:00:05]} 4. Nxd4 {[%emt 0:00:03]} Nf6 {[%emt 0:00:07]} 5. Nc3 {[%emt 0:00:03]} e5 {[%emt 0:00:06]} 6. Ndb5 {[%emt 0:00:08]} d6 {[%emt 0:00:07]} 7. Bg5 {[%emt 0:00:10]} a6 {[%emt 0:00:08]} 8. Na3 {[%emt 0:00:03]} b5 {[%emt 0:00:06]} 9. Nd5 {[%emt 0:00:03]} Be7 {[%emt 0:00:06]} 10. Bxf6 {[%emt 0:00:08]} Bxf6 {[%emt 0:00:07]} 11. c4 {[%emt 0:00:34]} b4 {[%emt 0:01:05]} 12. Nc2 {[%emt 0:00:05]} O-O {[%emt 0:08:36]} 13. g3 {[%emt 0:28:09]} Bg5 {[%emt 0:17:29]} 14. Bg2 {[%emt 0:03:51]} Rb8 {[%emt 0:12:57]} 15. O-O {[%emt 0:06:17]} b3 {[%emt 0:11:49]} 16. axb3 {[%emt 0:01:21]} Rxb3 {[%emt 0:00:38]} 17. Rb1 {[%emt 0:00:36]} Bh6 {[%emt 0:08:49]} 18. Nce3 {[%emt 0:05:41]} Nd4 {[%emt 0:17:31]} 19. Nc2 {[%emt 0:08:03]} Nc6 {[%emt 0:03:23]} 20. Na1 {[%emt 0:11:29]} Rb8 {[%emt 0:00:51]} 21. b4 {[%emt 0:00:04]} g6 {[%emt 0:19:20]} 22. Nc2 {[%emt 0:00:57]} Bg7 {[%emt 0:00:22]} 23. Qd3 {[%emt 0:03:27]} Be6 {[%emt 0:01:27]} 24. Nce3 {[%emt 0:19:17]} Kh8 {[%emt 0:02:09]} 25. Kh1 {[%emt 0:02:16]} f5 {[%emt 0:03:14]} 26. f4 {[%emt 0:00:04]} fxe4 {[%emt 0:00:10]} 27. Bxe4 {[%emt 0:00:09]} Bg8 {[%emt 0:00:41]} 28. f5 {[%emt 0:02:45]} gxf5 {[%emt 0:00:04]} 29. Nxf5 {[%emt 0:02:23]} Bxd5 {[%emt 0:00:10]} 30. cxd5 {[%emt 0:00:04]} Nxb4 {[%emt 0:02:19]} 31. Qe3 {[%emt 0:07:28]} a5 {[%emt 0:01:11]} 32. Qa7 {[%emt 0:00:28]} Rg8 {[%emt 0:01:14]} 33. Nh6 {[%emt 0:00:05]} 1-0

[Event "Fagernes GM-A 2019"]
[Site "Fagernes"]
[Date "2019.04.18"]
[Round "4"]
[White "Gullaksen, Eirik"]
[Black "Vitenberg, Noam Aviv"]
[Result "1/2-1/2"]
[WhiteElo "2324"]
[BlackElo "2203"]
[Annotator "NA"]
[PlyCount "47"]
[EventDate "2019.04.14"]
[EventType "tourn"]
[EventCountry "NOR"]
[SourceTitle "playchess.com"]
[Source "ChessBase"]
[SourceQuality "1"]
[TimeControl "40/7200:3600"]

1. e4 {[%emt 0:00:04]} c6 {[%emt 0:00:07]} 2. Nc3 {[%emt 0:00:15]} d5 {[%emt 0:00:11]} 3. Nf3 {[%emt 0:00:15]} Nf6 {[%emt 0:00:36]} 4. e5 {[%emt 0:00:28]} Ne4 {[%emt 0:00:04]} 5. Ne2 {[%emt 0:00:27]} Qb6 {[%emt 0:00:06]} 6. d4 {[%emt 0:00:11]} e6 {[%emt 0:00:14]} 7. Nfg1 {[%emt 0:00:34]} f6 {[%emt 0:00:11]} 8. f3 {[%emt 0:00:16]} Ng5 {[%emt 0:00:06]} 9. exf6 {[%emt 0:00:25]} gxf6 {[%emt 0:00:05]} 10. f4 {[%emt 0:00:31]} Nf7 {[%emt 0:01:47]} 11. Nf3 {[%emt 0:00:50]} e5 {[%emt 0:02:56]} 12. fxe5 {[%emt 0:02:04]} fxe5 {[%emt 0:00:08]} 13. Ng3 {[%emt 0:01:03]} Bg4 {[%emt 0:01:31]} 14. Be2 {[%emt 0:07:06]} Bxf3 {[%emt 0:00:10]} 15. Bxf3 {[%emt 0:00:09]} Qxd4 {[%emt 0:00:06]} 16. Qxd4 {[%emt 0:05:56]} exd4 {[%emt 0:00:06]} 17. Bh5 {[%emt 0:04:47]} Bb4+ {[%emt 0:12:35]} 18. Bd2 {[%emt 0:01:56]} Bxd2+ {[%emt 0:00:49]} 19. Kxd2 {[%emt 0:00:07]} O-O {[%emt 0:00:46]} 20. Rae1 {[%emt 0:08:22]} Nd7 {[%emt 0:02:57]} 21. Nf5 {[%emt 0:06:53]} Nfe5 {[%emt 0:09:28]} 22. Rhf1 {[%emt 0:13:48]} Rf6 {[%emt 0:31:11]} 23. Nxd4 {[%emt 0:07:56]} Raf8 {[%emt 0:00:43]} 24. Rxf6 {[%emt 0:12:22]} 1/2-1/2

[Event "Fagernes GM-A 2019"]
[Site "Fagernes"]
[Date "2019.04.18"]
[Round "4"]
[White "Sisatto, Olli"]
[Black "Holleland, Sigve"]
[Result "1/2-1/2"]
[WhiteElo "2276"]
[BlackElo "2024"]
[Annotator "NA"]
[PlyCount "101"]
[EventDate "2019.04.14"]
[EventType "tourn"]
[EventCountry "NOR"]
[SourceTitle "playchess.com"]
[Source "ChessBase"]
[SourceQuality "1"]
[TimeControl "40/7200:3600"]

1. d4 {[%emt 0:00:07]} Nf6 {[%emt 0:00:39]} 2. c4 {[%emt 0:00:18]} e6 {[%emt 0:00:05]} 3. Nc3 {[%emt 0:00:41]} Bb4 {[%emt 0:00:05]} 4. Nf3 {[%emt 0:00:20]} O-O {[%emt 0:00:57]} 5. Bg5 {[%emt 0:00:40]} d5 {[%emt 0:00:28]} 6. e3 {[%emt 0:01:31]} h6 {[%emt 0:00:11]} 7. Bh4 {[%emt 0:00:51]} c5 {[%emt 0:04:03]} 8. a3 {[%emt 0:05:18]} Bxc3+ {[%emt 0:00:43]} 9. bxc3 {[%emt 0:00:14]} Qa5 {[%emt 0:00:43]} 10. Bxf6 {[%emt 0:01:49]} Qxc3+ {[%emt 0:01:48]} 11. Nd2 {[%emt 0:00:17]} gxf6 {[%emt 0:00:09]} 12. Rc1 {[%emt 0:05:29]} Qxa3 {[%emt 0:04:07]} 13. cxd5 {[%emt 0:09:04]} cxd4 {[%emt 0:03:31]} 14. exd4 {[%emt 0:02:31]} f5 {[%emt 0:03:43]} 15. Be2 {[%emt 0:22:12]} exd5 {[%emt 0:02:51]} 16. O-O {[%emt 0:01:12]} Nc6 {[%emt 0:02:39]} 17. Nf3 {[%emt 0:00:37]} f4 {[%emt 0:09:51]} 18. Qd2 {[%emt 0:01:05]} Qd6 {[%emt 0:00:48]} 19. Rfe1 {[%emt 0:06:15]} Bg4 {[%emt 0:13:25]} 20. Ne5 {[%emt 0:05:15]} Bxe2 {[%emt 0:04:46]} 21. Rxe2 {[%emt 0:00:43]} Nxe5 {[%emt 0:04:21]} 22. dxe5 {[%emt 0:00:46]} Qe6 {[%emt 0:00:23]} 23. Qxf4 {[%emt 0:01:43]} Rac8 {[%emt 0:02:31]} 24. Rb1 {[%emt 0:03:27]} Rc4 {[%emt 0:02:11]} 25. Qd2 {[%emt 0:08:10]} Rfc8 {[%emt 0:04:28]} 26. h3 {[%emt 0:02:16]} b6 {[%emt 0:04:19]} 27. Rb3 {[%emt 0:04:26]} Re4 {[%emt 0:18:03]} 28. Rg3+ {[%emt 0:02:25]} Kh8 {[%emt 0:06:22]} 29. Rxe4 {[%emt 0:04:35]} dxe4 {[%emt 0:00:06]} 30. Qf4 {[%emt 0:00:18]} Rg8 {[%emt 0:09:15]} 31. Rxg8+ {[%emt 0:02:22]} Kxg8 {[%emt 0:00:07]} 32. Qxe4 {[%emt 0:00:16]} a5 {[%emt 0:00:42]} 33. f4 {[%emt 0:00:27]} Qc8 {[%emt 0:01:59]} 34. f5 {[%emt 0:02:31]} b5 {[%emt 0:02:17]} 35. e6 {[%emt 0:02:58]} fxe6 {[%emt 0:01:49]} 36. fxe6 {[%emt 0:00:29]} Qc5+ {[%emt 0:01:00]} 37. Kh1 {[%emt 0:01:02]} Qc1+ {[%emt 0:00:55]} 38. Kh2 {[%emt 0:00:12]} Qc7+ {[%emt 0:00:06]} 39. g3 {[%emt 0:00:22]} Kf8 {[%emt 0:01:33]} 40. Qf5+ {[%emt 0:05:31]} Ke7 {[%emt 0:01:07]} 41. Qf7+ {[%emt 1:03:25]} Kd6 {[%emt 1:00:11]} 42. Qf4+ {[%emt 0:00:16]} Kc6 {[%emt 0:00:14]} 43. Qxh6 {[%emt 0:00:00]} Qe5 {[%emt 0:00:00]} 44. h4 {[%emt 0:00:00]} Kd6 {[%emt 0:00:00]} 45. Qf8+ {[%emt 0:00:00]} Kxe6 {[%emt 0:00:00]} 46. Qe8+ {[%emt 0:00:00]} Kf6 {[%emt 0:00:00]} 47. Qf8+ {[%emt 0:00:00]} Kg6 {[%emt 0:00:00]} 48. Qg8+ {[%emt 0:00:00]} Kf6 {[%emt 0:00:00]} 49. Qh8+ {[%emt 0:00:00]} Ke6 {[%emt 0:00:00]} 50. Qe8+ {[%emt 0:00:00]} Kf6 {[%emt 0:00:00]} 51. Qh8+ {[%emt 0:00:00]} 1/2-1/2

[Event "Fagernes GM-A 2019"]
[Site "Fagernes"]
[Date "2019.04.18"]
[Round "4"]
[White "Nordquelle, Daniel"]
[Black "Lillevold, Frode"]
[Result "1-0"]
[WhiteElo "2264"]
[BlackElo "2076"]
[Annotator "NA"]
[PlyCount "76"]
[EventDate "2019.04.14"]
[EventType "tourn"]
[EventCountry "NOR"]
[SourceTitle "playchess.com"]
[Source "ChessBase"]
[SourceQuality "1"]
[TimeControl "40/7200:3600"]

1. e4 {[%emt 0:02:18]} e5 {[%emt 0:00:06]} 2. Nf3 {[%emt 0:00:06]} Nc6 {[%emt 0:00:09]} 3. Bc4 {[%emt 0:00:10]} Bc5 {[%emt 0:02:23]} 4. O-O {[%emt 0:00:13]} Nf6 {[%emt 0:00:54]} 5. d3 {[%emt 0:00:07]} d6 {[%emt 0:01:19]} 6. a4 {[%emt 0:00:08]} O-O {[%emt 0:00:47]} 7. c3 {[%emt 0:02:02]} a5 {[%emt 0:02:45]} 8. Re1 {[%emt 0:01:01]} Be6 {[%emt 0:05:11]} 9. Nbd2 {[%emt 0:08:19]} Qe7 {[%emt 0:12:35]} 10. Bb5 {[%emt 0:02:27]} Rad8 {[%emt 0:09:37]} 11. Bxc6 {[%emt 0:02:51]} bxc6 {[%emt 0:00:34]} 12. Nf1 {[%emt 0:00:13]} Bb6 {[%emt 0:09:24]} 13. Ng3 {[%emt 0:08:41]} Ne8 {[%emt 0:05:43]} 14. d4 {[%emt 0:05:39]} f6 {[%emt 0:00:34]} 15. Qe2 {[%emt 0:09:11]} g6 {[%emt 0:05:19]} 16. h3 {[%emt 0:03:19]} Rf7 {[%emt 0:02:06]} 17. Be3 {[%emt 0:01:03]} Rb8 {[%emt 0:03:31]} 18. b4 {[%emt 0:12:17]} Ng7 {[%emt 0:09:13]} 19. b5 {[%emt 0:03:23]} cxb5 {[%emt 0:02:41]} 20. axb5 {[%emt 0:01:01]} Rff8 {[%emt 0:01:17]} 21. c4 {[%emt 0:00:33]} Bd7 {[%emt 0:09:49]} 22. Qc2 {[%emt 0:10:33]} Ne6 {[%emt 0:04:06]} 23. Ne2 {[%emt 0:03:13]} Kh8 {[%emt 0:07:05]} 24. Red1 {[%emt 0:01:03]} Rfc8 {[%emt 0:04:22]} 25. Nc3 {[%emt 0:03:46]} exd4 {[%emt 0:04:35]} 26. Nxd4 {[%emt 0:00:27]} Nxd4 {[%emt 0:03:23]} 27. Bxd4 {[%emt 0:00:12]} Be6 {[%emt 0:01:58]} 28. Ra4 {[%emt 0:06:07]} c6 {[%emt 0:04:07]} 29. Qd2 {[%emt 0:06:35]} cxb5 {[%emt 0:01:10]} 30. cxb5 {[%emt 0:00:23]} Bb3 {[%emt 0:01:43]} 31. Bxb6 {[%emt 0:04:19]} Rxb6 {[%emt 0:00:02]} 32. Nd5 {[%emt 0:00:07]} Bxd5 {[%emt 0:01:10]} 33. Qxd5 {[%emt 0:00:04]} Qe5 {[%emt 0:00:11]} 34. Rxa5 {[%emt 0:00:21]} Qxd5 {[%emt 0:00:01]} 35. Rxd5 {[%emt 0:00:08]} Kg7 {[%emt 0:00:04]} 36. Ra6 {[%emt 0:00:24]} Rxa6 {[%emt 0:00:01]} 37. bxa6 {[%emt 0:00:04]} Rc1+ {[%emt 0:00:04]} 38. Kh2 {[%emt 0:00:08]} Ra1 {[%emt 0:00:00]} 1-0

[Event "Fagernes GM-A 2019"]
[Site "Fagernes"]
[Date "2019.04.18"]
[Round "4"]
[White "Dolzhikova, Olga"]
[Black "Machlik, Edit"]
[Result "1-0"]
[WhiteElo "2231"]
[BlackElo "2109"]
[Annotator "NA"]
[PlyCount "73"]
[EventDate "2019.04.14"]
[EventType "tourn"]
[EventCountry "NOR"]
[SourceTitle "playchess.com"]
[Source "ChessBase"]
[SourceQuality "1"]
[TimeControl "40/7200:3600"]

1. e4 {[%emt 0:03:16]} c6 {[%emt 0:00:04]} 2. Nc3 {[%emt 0:00:05]} d5 {[%emt 0:00:05]} 3. Nf3 {[%emt 0:00:06]} Bg4 {[%emt 0:00:10]} 4. h3 {[%emt 0:00:03]} Bxf3 {[%emt 0:00:04]} 5. Qxf3 {[%emt 0:00:04]} e6 {[%emt 0:00:08]} 6. Be2 {[%emt 0:00:09]} Nd7 {[%emt 0:01:44]} 7. d4 {[%emt 0:00:22]} dxe4 {[%emt 0:01:57]} 8. Nxe4 {[%emt 0:00:16]} Ngf6 {[%emt 0:00:49]} 9. c3 {[%emt 0:00:30]} Nxe4 {[%emt 0:03:01]} 10. Qxe4 {[%emt 0:00:05]} Nf6 {[%emt 0:02:51]} 11. Qf3 {[%emt 0:00:42]} Qd5 {[%emt 0:06:24]} 12. O-O {[%emt 0:00:59]} Qxf3 {[%emt 0:04:33]} 13. Bxf3 {[%emt 0:00:07]} Bd6 {[%emt 0:01:14]} 14. c4 {[%emt 0:05:55]} O-O {[%emt 0:00:54]} 15. Rd1 {[%emt 0:06:06]} h6 {[%emt 0:07:21]} 16. g3 {[%emt 0:06:22]} Rfd8 {[%emt 0:00:51]} 17. Be3 {[%emt 0:00:41]} Be7 {[%emt 0:19:20]} 18. a3 {[%emt 0:07:12]} a5 {[%emt 0:01:16]} 19. Rd2 {[%emt 0:00:45]} a4 {[%emt 0:08:16]} 20. Rc1 {[%emt 0:09:03]} Rac8 {[%emt 0:05:06]} 21. Bd1 {[%emt 0:08:11]} Ra8 {[%emt 0:00:55]} 22. Bf3 {[%emt 0:06:29]} Rac8 {[%emt 0:00:42]} 23. Rcd1 {[%emt 0:05:23]} Rd7 {[%emt 0:20:02]} 24. Kg2 {[%emt 0:10:58]} Rdd8 {[%emt 0:06:09]} 25. g4 {[%emt 0:04:02]} Rd7 {[%emt 0:06:02]} 26. h4 {[%emt 0:01:22]} Ne8 {[%emt 0:01:53]} 27. d5 {[%emt 0:04:55]} cxd5 {[%emt 0:04:03]} 28. cxd5 {[%emt 0:00:39]} exd5 {[%emt 0:01:51]} 29. g5 {[%emt 0:07:24]} Rd6 {[%emt 0:01:00]} 30. Bxd5 {[%emt 0:01:10]} hxg5 {[%emt 0:01:37]} 31. hxg5 {[%emt 0:00:27]} b5 {[%emt 0:00:46]} 32. Bf4 {[%emt 0:04:57]} Rb6 {[%emt 0:01:34]} 33. Re2 {[%emt 0:00:51]} Bf8 {[%emt 0:04:07]} 34. Ba2 {[%emt 0:08:01]} b4 {[%emt 0:01:34]} 35. axb4 {[%emt 0:02:54]} g6 {[%emt 0:01:05]} 36. Rd7 {[%emt 0:00:26]} Nd6 {[%emt 0:00:30]} 37. Bxd6 {[%emt 0:01:20]} 1-0

[Event "Fagernes GM-A 2019"]
[Site "Fagernes"]
[Date "2019.04.18"]
[Round "4"]
[White "Nielsen, Andre"]
[Black "Bjerke, Richard"]
[Result "1-0"]
[WhiteElo "2201"]
[BlackElo "2156"]
[Annotator "NA"]
[PlyCount "172"]
[EventDate "2019.04.14"]
[EventType "tourn"]
[EventCountry "NOR"]
[SourceTitle "playchess.com"]
[Source "ChessBase"]
[SourceQuality "1"]
[TimeControl "40/7200:3600"]

1. e4 {[%emt 0:00:05]} e6 {[%emt 0:00:09]} 2. d4 {[%emt 0:00:14]} d5 {[%emt 0:00:10]} 3. Nc3 {[%emt 0:00:12]} Bb4 {[%emt 0:00:42]} 4. e5 {[%emt 0:00:32]} c5 {[%emt 0:00:31]} 5. a3 {[%emt 0:00:21]} Bxc3+ {[%emt 0:00:28]} 6. bxc3 {[%emt 0:00:14]} Qa5 {[%emt 0:00:41]} 7. Bd2 {[%emt 0:01:01]} Qa4 {[%emt 0:00:23]} 8. Qg4 {[%emt 0:00:57]} Kf8 {[%emt 0:00:31]} 9. Nf3 {[%emt 0:01:49]} Nc6 {[%emt 0:11:02]} 10. Bd3 {[%emt 0:04:17]} c4 {[%emt 0:05:41]} 11. Be2 {[%emt 0:00:36]} Qxc2 {[%emt 0:01:25]} 12. O-O {[%emt 0:10:41]} Nge7 {[%emt 0:03:10]} 13. Rac1 {[%emt 0:03:14]} Qg6 {[%emt 0:03:23]} 14. Qf4 {[%emt 0:01:56]} h6 {[%emt 0:02:00]} 15. Bd1 {[%emt 0:09:38]} Qf5 {[%emt 0:06:50]} 16. Qg3 {[%emt 0:03:35]} Qg6 {[%emt 0:01:01]} 17. Qh3 {[%emt 0:02:00]} Qh7 {[%emt 0:01:38]} 18. Bc2 {[%emt 0:01:43]} Qg8 {[%emt 0:00:18]} 19. Kh1 {[%emt 0:05:03]} Ke8 {[%emt 0:01:48]} 20. Ng1 {[%emt 0:04:48]} Qf8 {[%emt 0:05:34]} 21. f4 {[%emt 0:01:45]} g6 {[%emt 0:01:33]} 22. a4 {[%emt 0:04:39]} b6 {[%emt 0:08:49]} 23. Ra1 {[%emt 0:01:10]} Na5 {[%emt 0:01:06]} 24. Bc1 {[%emt 0:15:35]} Qg7 {[%emt 0:03:12]} 25. Ba3 {[%emt 0:00:57]} Nec6 {[%emt 0:01:02]} 26. Nf3 {[%emt 0:02:03]} Kd8 {[%emt 0:09:21]} 27. Bd6 {[%emt 0:02:31]} Bd7 {[%emt 0:02:05]} 28. Qh4+ {[%emt 0:01:25]} Kc8 {[%emt 0:00:44]} 29. Rab1 {[%emt 0:00:53]} Kb7 {[%emt 0:03:36]} 30. Rb5 {[%emt 0:02:05]} Rae8 {[%emt 0:02:44]} 31. Rfb1 {[%emt 0:01:23]} Kc8 {[%emt 0:04:42]} 32. Qe1 {[%emt 0:11:29]} Nb7 {[%emt 0:07:27]} 33. Qc1 {[%emt 0:05:19]} Nca5 {[%emt 0:08:39]} 34. Rxa5 {[%emt 0:09:47]} Nxa5 {[%emt 0:01:34]} 35. Qa3 {[%emt 0:00:07]} Bc6 {[%emt 0:04:45]} 36. Bb4 {[%emt 0:00:33]} Nb7 {[%emt 0:07:49]} 37. a5 {[%emt 0:00:42]} bxa5 {[%emt 0:00:32]} 38. Bd6 {[%emt 0:01:50]} f5 {[%emt 0:01:05]} 39. exf6 {[%emt 0:00:17]} Qd7 {[%emt 0:00:28]} 40. Be7 {[%emt 0:00:54]} Rxe7 {[%emt 0:01:16]} 41. fxe7 {[%emt 1:01:00]} Qd6 {[%emt 0:01:09]} 42. Qxd6 {[%emt 0:00:00]} Nxd6 {[%emt 0:00:10]} 43. Bxg6 {[%emt 0:00:00]} Rg8 {[%emt 0:05:30]} 44. Ne5 {[%emt 0:00:00]} Be8 {[%emt 0:10:34]} 45. Bxe8 {[%emt 0:00:00]} Rxe8 {[%emt 0:00:15]} 46. Ng6 {[%emt 0:00:00]} Kc7 {[%emt 0:04:15]} 47. g4 {[%emt 0:00:00]} Nc8 {[%emt 0:03:46]} 48. Re1 {[%emt 0:00:00]} Kd7 {[%emt 0:04:13]} 49. Nf8+ {[%emt 0:00:00]} Kxe7 {[%emt 0:01:40]} 50. Nxe6 {[%emt 0:00:00]} Kf7 {[%emt 0:02:20]} 51. f5 {[%emt 0:00:00]} a4 {[%emt 0:03:41]} 52. h4 {[%emt 0:00:00]} Nd6 {[%emt 0:04:15]} 53. Kg2 {[%emt 0:00:00]} a3 {[%emt 0:01:25]} 54. Ra1 {[%emt 0:00:00]} Nb5 {[%emt 0:00:55]} 55. Kf3 {[%emt 0:00:00]} a5 {[%emt 0:03:45]} 56. g5 {[%emt 0:00:00]} hxg5 {[%emt 0:02:36]} 57. hxg5 {[%emt 0:00:00]} Rh8 {[%emt 0:01:12]} 58. Kf4 {[%emt 0:00:00]} Rh2 {[%emt 0:02:57]} 59. Ke5 {[%emt 0:00:00]} Re2+ {[%emt 0:02:05]} 60. Kxd5 {[%emt 0:00:00]} Nxc3+ {[%emt 0:00:03]} 61. Kxc4 {[%emt 0:00:00]} Ne4 {[%emt 0:00:13]} 62. Rxa3 {[%emt 0:00:00]} Rf2 {[%emt 0:00:16]} 63. Rxa5 {[%emt 0:00:00]} Nd6+ {[%emt 0:00:03]} 64. Kd3 {[%emt 0:00:00]} Nxf5 {[%emt 0:00:25]} 65. Nc5 {[%emt 0:00:00]} Rg2 {[%emt 0:00:11]} 66. Ne4 {[%emt 0:00:00]} Ng3 {[%emt 0:00:15]} 67. Nxg3 {[%emt 0:00:00]} Rxg3+ {[%emt 0:00:01]} 68. Ke4 {[%emt 0:00:00]} Rg4+ {[%emt 0:00:06]} 69. Ke3 {[%emt 0:00:00]} Ke6 {[%emt 0:00:07]} 70. Re5+ {[%emt 0:00:00]} Kd6 {[%emt 0:00:01]} 71. Kd3 {[%emt 0:00:00]} Rg1 {[%emt 0:00:03]} 72. Ke4 {[%emt 0:00:00]} Rg4+ {[%emt 0:00:06]} 73. Ke3 {[%emt 0:00:00]} Rg1 {[%emt 0:00:02]} 74. Ra5 {[%emt 0:00:00]} Rg3+ {[%emt 0:00:06]} 75. Kf4 {[%emt 0:00:00]} Rg1 {[%emt 0:00:06]} 76. Kf5 {[%emt 0:00:00]} Rf1+ {[%emt 0:00:06]} 77. Kg6 {[%emt 0:00:00]} Re1 {[%emt 0:00:04]} 78. Kg7 {[%emt 0:00:00]} Re7+ {[%emt 0:00:03]} 79. Kf6 {[%emt 0:00:00]} Re6+ {[%emt 0:00:03]} 80. Kf5 {[%emt 0:00:00]} Re1 {[%emt 0:00:03]} 81. g6 {[%emt 0:00:00]} Rg1 {[%emt 0:00:03]} 82. Kf6 {[%emt 0:00:00]} Rf1+ {[%emt 0:00:04]} 83. Kg7 {[%emt 0:00:00]} Rg1 {[%emt 0:00:04]} 84. Kf6 {[%emt 0:00:00]} Rf1+ {[%emt 0:00:01]} 85. Rf5 {[%emt 0:00:00]} Rg1 {[%emt 0:00:03]} 86. Kf7 {[%emt 0:00:00]} Rg4 {[%emt 0:00:07]} 1-0